| 000 | 00419nam a22001697a 4500 | ||
|---|---|---|---|
| 003 | CEME | ||
| 005 | 20210628205422.0 | ||
| 008 | 210316b xxu||||| |||| 00| 0 eng d | ||
| 020 | _a0-07-030561-7 | ||
| 040 | _c. | ||
| 082 | _a004 HOW'C | ||
| 100 |
_aHowland, Ronald E _975472 |
||
| 245 | _aComputer hardware diagnostics for engineers | ||
| 260 |
_aNEWYORK _bMCGRAW HILL _c1995 |
||
| 300 | _a225P | ||
| 942 |
_cBK _2ddc |
||
| 999 |
_c580879 _d580879 |
||